00537nam a22002177a 450000500170000001000110001702000100002803500110003803700160004904000120006508200130007710000170009024500530010726000420016027000300020230000200023250000190025265000200027165000250029170000030031620170124110025.0 a707226 c15.00 a707226 bCen Lib/Ret aDPLbEN a336bMIT aMithani, D.M aFundamental of public finance /cby D.M. Mithani bVora and co publishers aBombayc1972 bBombaya3, Round building a258p.c20cm(Hb) aIncludes index aEconomic policy aExpenditures, Public